1231 1900 1264 1336 1497 1791 1057 1929 1618 1220 1841 1451 1457 1422 1037 1446 1166 1437 1340 1758 1289 1932 1448 1501 1297 1025 1482 1148 1496 1159 1949 1802 1951 1546 1011 1128 1853 1647 1919 1367 1870 1354 1870 1290 1073 1899 1054 1138 1938 1296 1989 1249 1484 1142 1044 1619 1903 1264 1476 1138 1004 1572 1736 1064 1395 1622 1785 1226 1768 1671 1879 1726 1262 1554 1545 1288 1728 1609 1571 1137 1033 1351 1632 1087 1946 1211 1046 1605 1927 1047 1851 1021 1195 1042 1304 1733 1941 1156 1661 BCNSPRNW ULIB Ver.6.0+V

เปลี่ยนเป็นภาษาไทย

Change to English
 แสดงรายละเอียดบรรณานุกรม
  กลับหน้าหลัก

Brief Record : Get Marc (ISO 2709) : E-mail record : QR code < ปิดหน้าต่าง
LEADER : 00000nam 2200000uu 4500
001    13399123408
003     ULIB
008    140911s2555||||th 000 0 tha d
020    ^a9786162790171
060 04 ^aWQ100^bส886
245 00 ^aสูตินรีเวชทันยุค =^bOB-GYN in practice 2012 /^cบรรณาธิการ,ประสงค์ ตันมหาสมุทร ... [และคนอื่นๆ]
246    ^aOB-GYN in practice 2012
250    ^aพิมพ์ครั้งที่ 1
260    ^aกรุงเทพฯ :^bภาควิชาสูติศาสตร์-นรีเวชวิทยา คณะแพทยศาสตร์ศิริราชพยาบาล มหาวิทยาลัยมหิดล,^c2555
300    ^axxxii, 440 หน้า :^bภาพประกอบ ;^c26 ซม.
504    ^aมีบรรณานุกรมและดรรชนี
650  4 ^aนรีเวชวิทยา
650  4 ^aสูติศาสตร์
653    ^aผลงานอาจารย์คณะแพทยศาสตร์ศิริราชพยาบาล
700 0  ^aประสงค์ ตันมหาสมุทร,^eบรรณาธิการ
700 0  ^aพฤหัส จันทร์ประภาพ,^eบรรณาธิการ
700 0  ^aอรรถพล ใจชื่น,^eบรรณาธิการ
700 0  ^aธันยารัตน์ วงศ์วนานุรักษ์,^eบรรณาธิการ
700 0  ^aตรีภพ เลิศบรรณพงษ์,^eบรรณาธิการ
710 2  ^aมหาวิทยาลัยมหิดล. ^bคณะแพทยศาสตร์ศิริราชพยาบาล.^bภาควิชาสูติศาสตร์-นรีเวชวิทยา
945    ^p400^l0^i035232
945    ^p400^l0^i035233
945    ^p400^l0^i035234
945    ^p400^l0^i035235
945    ^p400^l0^i035236
945    ^p400^l0^i035237
945    ^p400^l0^i035238
945    ^p400^l0^i035239
945    ^p400^l0^i035240
945    ^p400^l0^i035241
945    ^p400^l0^i035242
945    ^p400^l0^i035243
945    ^p400^l0^i035244
945    ^p400^l0^i035245
945    ^p400^l0^i035246
999    ^aเกษร โพธิ์สุวรรณ
รายการนี้ยังไม่มีแท็ก
คุณยังไม่ได้ล็อกอิน คุณสามารถมีกิจกรรมร่วมกับเว็บไซต์ได้ แต่ต้องล็อกอินก่อน ::
  ล็อกอิน

รายการสื่อสารสนเทศ

ลำดับที่ ประเภท เลขเรียก/บาร์โค้ด สถานที่ สถานะ
1. Book การพยาบาล
หนังสือสำรอง
สถานะ=หนังสือสำรอง
WQ100 ส886 ฉ.1 
  Barcode: 035232
ห้องสมุดวิทยาเขตสวรรค์ประชารักษ์
►ส่วนจัดเก็บหนังสือเก่า สปร
บนชั้น
  ขอยืม
2. Book การพยาบาล
Book การพยาบาล
WQ100 ส886 ฉ.10 
  Barcode: 035241
ห้องสมุดวิทยาเขตสวรรค์ประชารักษ์
►ส่วนจัดเก็บหนังสือเก่า สปร
บนชั้น
  ขอยืม
3. Book การพยาบาล
Book การพยาบาล
WQ100 ส886 ฉ.11 
  Barcode: 035242
ห้องสมุดวิทยาเขตสวรรค์ประชารักษ์
►ส่วนจัดเก็บหนังสือเก่า สปร
บนชั้น
  ขอยืม
4. Book การพยาบาล
Book การพยาบาล
WQ100 ส886 ฉ.12 
  Barcode: 035243
ห้องสมุดวิทยาเขตสวรรค์ประชารักษ์
►ส่วนจัดเก็บหนังสือเก่า สปร
บนชั้น
  ขอยืม
5. Book การพยาบาล
Book การพยาบาล
WQ100 ส886 ฉ.13 
  Barcode: 035244
ห้องสมุดวิทยาเขตสวรรค์ประชารักษ์
►ส่วนจัดเก็บหนังสือเก่า สปร
บนชั้น
  ขอยืม
6. Book การพยาบาล
Book การพยาบาล
WQ100 ส886 ฉ.14 
  Barcode: 035245
ห้องสมุดวิทยาเขตสวรรค์ประชารักษ์
►ส่วนจัดเก็บหนังสือเก่า สปร
บนชั้น
  ขอยืม
7. Book การพยาบาล
Book การพยาบาล
WQ100 ส886 ฉ.15 
  Barcode: 035246
ห้องสมุดวิทยาเขตสวรรค์ประชารักษ์
►ส่วนจัดเก็บหนังสือเก่า สปร
บนชั้น
  ขอยืม
8. Book การพยาบาล
Book การพยาบาล
WQ100 ส886 ฉ.2 
  Barcode: 035233
ห้องสมุดวิทยาเขตสวรรค์ประชารักษ์
►ส่วนจัดเก็บหนังสือเก่า สปร
บนชั้น
  ขอยืม
9. Book การพยาบาล
Book การพยาบาล
WQ100 ส886 ฉ.3 
  Barcode: 035234
ห้องสมุดวิทยาเขตสวรรค์ประชารักษ์
►ส่วนจัดเก็บหนังสือเก่า สปร
บนชั้น
  ขอยืม
10. Book การพยาบาล
Book การพยาบาล
WQ100 ส886 ฉ.4 
  Barcode: 035235
ห้องสมุดวิทยาเขตสวรรค์ประชารักษ์
►ส่วนจัดเก็บหนังสือเก่า สปร
บนชั้น
  ขอยืม
11. Book การพยาบาล
Book การพยาบาล
WQ100 ส886 ฉ.5 
  Barcode: 035236
ห้องสมุดวิทยาเขตสวรรค์ประชารักษ์
►ส่วนจัดเก็บหนังสือเก่า สปร
บนชั้น
  ขอยืม
12. Book การพยาบาล
Book การพยาบาล
WQ100 ส886 ฉ.6 
  Barcode: 035237
ห้องสมุดวิทยาเขตสวรรค์ประชารักษ์
►ส่วนจัดเก็บหนังสือเก่า สปร
บนชั้น
  ขอยืม
13. Book การพยาบาล
Book การพยาบาล
WQ100 ส886 ฉ.7 
  Barcode: 035238
ห้องสมุดวิทยาเขตสวรรค์ประชารักษ์
►ส่วนจัดเก็บหนังสือเก่า สปร
บนชั้น
  ขอยืม
14. Book การพยาบาล
Book การพยาบาล
WQ100 ส886 ฉ.8 
  Barcode: 035239
ห้องสมุดวิทยาเขตสวรรค์ประชารักษ์
►ส่วนจัดเก็บหนังสือเก่า สปร
บนชั้น
  ขอยืม
15. Book การพยาบาล
Book การพยาบาล
WQ100 ส886 ฉ.9 
  Barcode: 035240
ห้องสมุดวิทยาเขตสวรรค์ประชารักษ์
►ส่วนจัดเก็บหนังสือเก่า สปร
บนชั้น
  ขอยืม

รายการใกล้เคียง
    หัวเรื่อง [นรีเวชวิทยา]
    หัวเรื่อง [สูติศาสตร์]

BibComment


ยังไม่เคยถูกคอมเมนท์

คอมเมนท์ทรัพยากรรายการนี้
  คอมเมนท์: สูตินรีเวชทันยุค..


 Copyright 2026. Bcnsprnw @Library